Финансы предприятий отраслей народного хозяйства: учебное пособие

Dettagli Bibliografici
Autore principale: Моляков Д. С. Дмитрий Степанович
Riassunto:Исключено из фонда НТБ ТПУ
Lingua:russo
Pubblicazione: Москва, Финансы и статистика, 1999
Natura: Libro
KOHA link:https://koha.lib.tpu.ru/cgi-bin/koha/opac-detail.pl?biblionumber=9386

MARC

LEADER 00000nam0a2200000 4500
001 9386
005 20231030182401.0
010 |a 5279020540 
035 |a (RuTPU)RU\TPU\book\9438 
035 |a BOOK00009500 
090 |a 9386 
100 |a 20011209d1999 m y0rusy50 ca 
101 0 |a rus 
102 |a RU 
105 |a y j 000zy 
200 1 |a Финансы предприятий отраслей народного хозяйства  |e учебное пособие  |f Д. С. Моляков 
210 |a Москва  |c Финансы и статистика  |d 1999 
215 |a 200 с. 
333 |a Исключено из фонда НТБ ТПУ 
686 |a У9(2)261.9я73  |v LBC/SL-A  |2 rubbk 
700 1 |a Моляков  |b Д. С.  |g Дмитрий Степанович 
801 0 |a RU  |b 63413507  |c 20011209  |g PSBO 
801 2 |a RU  |b 63413507  |c 20210617  |g PSBO 
942 |c BK